171 - Né(es) un 20 juin. - Statistiques

Statistiques générales
  • Ce quiz a été pris 15 fois
  • Le résultat moyen est 5 sur 17
Statistiques - réponses
Hint Année de naissance Réponse % Correct
Participe en 1972 à la fondation du Front national (FN), dont il prend la présidence. 1928 Jean-Marie Le Pen
83%
Joueur de football, international anglais, icône du club de Chelsea FC, pour il a joué pendant 13 ans. 1978 Frank Lampard
58%
Haut fonctionnaire français (préfet de l'Aveyron notamment) dont le nom de résistant fut "Caracalla". 1899 Jean Moulin
50%
Champion olympique français de natation à Helsinki en 1952. 1933 Jean Boiteux
42%
Ancien maire de Lyon qui a succédé à Raymond Barre à ce poste. 1947 Gérard Collomb
33%
Compositeur et violoncelliste allemand naturalisé français, connu pour "La Belle Hélène". 1819 Jacques Offenbach
33%
Épouse de Claude Sérillon et présentatrice de l'émission "Thé ou café" (de 1996 à 2018). 1954 Catherine Ceylac|Catherine Cognet
25%
Milieu offensif argentin, surnommé "El Flaco", passé par le PSG. 1989 Javier Pastore|El Flaco
25%
Réalisateur anglais connu pour "Les Liaisons dangereuses", "High Fidelity", "The Queen". 1941 Stephen Frears
25%
Réalisateur français de "Mais qui a tué Pamela Rose ?", "Prête-moi ta main", "La Famille Bélier". 1964 Éric Lartigau
17%
Chanteur américain connu pour les titres "Lady" et "All Night Long (All Night)". 1949 Lionel Richie|Lionel Brockman Richie, Jr.
17%
Actrice australo-américaine devenue célèbre en jouant dans "Le Calme Blanc" puis "Jour de Tonnerre". 1967 Nicole Kidman
17%
Actrice américaine de le série "Sous le soleil" dans laquelle elle interprète le rôle de "Jessica Lowry". 1968 Tonya Kinzinger
17%
Acteur américain ayant joué dans "Do the Right Thing", "Léon" dans lequel il joue le rôle d'un banquier informel de Jean Réno. 1933 Danny Aiello
8%
Acteur connu pour avoir été Rollin Hand dans "Mission Impossible" et le commandant John Koenig dans "Cosmos 1999". 1928 Martin Landau
8%
Acteur qui s'est fait connaître avec la série "Roseanne" dans laquelle il joua le rôle de "Daniel « Dan » Conner". 1952 John Goodman
0%
Roi de Pologne et grand-duc de Lituanie entre 1587 et 1632. 1566 Sigismond Vasa|Sigismond III
0%
Aucun quiz correspondant
Distribution des résultats
% des personnes avec chaque résultat
Percentile par nombre de réponses
Votre historique - résultats
Vous n’avez pas pris ce quiz